| 000 | 00593nam a22002177a 4500 | ||
|---|---|---|---|
| 003 | Nust | ||
| 005 | 20211105111742.0 | ||
| 008 | 170116b xxu||||| |||| 00| 0 eng d | ||
| 020 | _a9780070634589 | ||
| 038 | _aKhadija | ||
| 040 | _cc | ||
| 082 |
_a621.815 _bMAC |
||
| 100 |
_aHall, Allen S. _983670 |
||
| 245 |
_aSchaum’s Outlines Machine Design _cAllen S. Hall, Alfred R. Holowenko and Herman G. Laughlin |
||
| 250 | _a(In SI Units). | ||
| 260 |
_aNew Delhi: _bTata McGraw-Hill; _c2008. |
||
| 300 |
_aUnpaged. ; _c22 cm. |
||
| 500 | _apaperback. | ||
| 563 | _aPB | ||
| 942 |
_cBK _2ddc |
||
| 999 |
_c32014 _d32014 |
||